Cosmere Characters by Homeworld - Hard Version - Statistics

General Stats
  • This quiz has been taken 105 times
  • The average score is 6 of 12
Answer Stats
Hint Answer % Correct
Clubs Scadrial
96%
Maps Roshar
63%
Yesteel Nalthis
57%
Akane Komashi
53%
Fjon Sel
53%
Compassion Canticle
51%
Chan Ko Sar Yolen
47%
Makibak Ashyn
44%
Ann Lumar
39%
Theopolis Threnody
37%
Vathi First of the Sun
31%
Gevalden Taldain
26%
No matching quizzes found
Score Distribution
Percent of People with Each Score
Percentile by Number Answered
Your Score History
You have not taken this quiz